Regional report (Record no. 81148)

MARC details
000 -LEADER
fixed length control field 00906cab a22002055a 4500
001 - CONTROL NUMBER
control field L146423
008 - FIXED-LENGTH DATA ELEMENTS--GENERAL INFORMATION
fixed length control field 090116e20090116xxkao f 000 0 eng d
035 ## - SYSTEM CONTROL NUMBER
System control number (Sirsi) u146423
041 0# - LANGUAGE CODE
Language code of text/sound track or separate title eng
100 1# - MAIN ENTRY--PERSONAL NAME
Personal name Hatcher, David
245 00 - TITLE STATEMENT
Title Regional report
Remainder of title South Bank and south London
260 ## - PUBLICATION, DISTRIBUTION, ETC.
Date of publication, distribution, etc. 2009
490 #0 - SERIES STATEMENT
Series statement Property Week
Volume/sequential designation 75(3) 16 January 2009, 63-70(6)
520 ## - SUMMARY, ETC.
Summary, etc. Reports from market news and deals from the region. Gives market-by-market view of the outer boroughs who tended to vote for Boris Johnson in the 2008 Mayoral elections. Reports on the planning process for the redevelopment of Elizabeth House. Reveals that Croydon Council's pioneering collaboration with a developer could provide a model for regeneration in the recession.
590 ## - LOCAL NOTE (RLIN)
Local note KA
651 #4 - SUBJECT ADDED ENTRY--GEOGRAPHIC NAME
Geographic name London
690 ## - LOCAL SUBJECT ADDED ENTRY--TOPICAL TERM (OCLC, RLIN)
Topical term or geographic name as entry element PROPERTY-COMMERCIAL PROPERTY-COMMERCIAL PROPERTY MARKET
700 1# - ADDED ENTRY--PERSONAL NAME
Personal name Shah, Aditi
942 ## - ADDED ENTRY ELEMENTS (KOHA)
Suppress in OPAC 0
Holdings
Withdrawn status Lost status Source of classification or shelving scheme Damaged status Not for loan Home library Current library Shelving location Date acquired Total Checkouts Full call number Barcode Date last seen Copy number Price effective from Koha item type
    Dewey Decimal Classification     London London Journal article 19/01/2009   L146423 146423-1001 06/08/2019 1 06/08/2019 Journal article